00417 2200169 4500245005500000020002200055250001100077100002300088700001500111650001700126005001900143260003000162041001400192084001000206300002200216336000900238 aNge-Friend sama Islam #7cTeguh Iman PerdanahText a978-979-752-880-5 aCet. 1 aTeguh Iman Perdana aDoel Wahab aAkhlak Mulia a20230330125455 aBandungbDAR! Mizanc2008 aIndonesia a297.5 a148 hlm. :cilus. atext